| 000 | 00530nam a2200193Ia 4500 | ||
|---|---|---|---|
| 005 | 20250508160530.0 | ||
| 008 | 008 250505s9999 xx 000 0 eng d | ||
| 037 | _aTextual | ||
| 040 |
_aFEDL _beng _cFEDL |
||
| 041 |
_aeng _2eng |
||
| 084 |
_a371.3, STU _qFEDL |
||
| 100 | _aStuart Simon | ||
| 245 | 0 | _aSay : An experiment in learning | |
| 260 |
_aLondon, UK _bThomas Nelson and Sons Ltd _c1969 |
||
| 300 | _a219p | ||
| 650 | _aTeaching Technique | ||
| 942 |
_cTEXL _h371.3, STU |
||
| 999 |
_c1365194 _d1365194 |
||